000 00942nas a2200313 4500
001 BR0604321
003 BR-BrBNA
005 20231205110327.0
007 ta
008 230509b bl.|||p| |||| 00| 00por d
040 _aBR-BrBNA
_bpor
_cBiblioteca Nacional de Agricultura
041 _a(Pt)
072 _aL20
100 1 _aBianchini, E.
100 1 _aMcManus, C.
100 1 _aLucci, C.M.
100 1 _aFernandes, M.C.B.
100 1 _aPrescott, E.
100 1 _aMariante, A. da S.
100 1 _aEgito, A.A. do
245 1 _aCaracterísticas corporais associadas com a adaptação ao calor em bovinos naturalizados brasileiros
650 _aBOVINO
650 _aACLIMATAÇÃO
650 _aCALOR
650 _aCONDIÇÃO CORPORAL
773 0 _tPesquisa Agropecuária Brasileira (Brazil)
_xISSN 0100-204X
_g(Sep 2006), v. 41(9) p. 1443-1448
_wBR0604321
909 _a202311
_bLúcia
_c55
_dLúcia Elande
942 _2AGRIS
_n0
_cANA
999 _c186981
_d186981